000 00307nam a22001457a 4500
008 221121b ||||| |||| 00| 0 eng d
020 _a0226080889
041 _aeng
080 _a51
082 _a51BUR
100 _a22.2
101 _aMATE
245 _aCHANCE CAUSE REASON
_cBURKS A
942 _2udc
_cBK
999 _c58976
_d58976